Nurtured by knowledge: Learning to do participatory ation-research

שמור ב:
מידע ביבליוגרפי
פורמט: ספר
שפה:Undetermined
יצא לאור: Ottawa, Canada IDRC 1997
נושאים:
תגים: הוספת תג
אין תגיות, היה/י הראשונ/ה לתייג את הרשומה!
Thư viện lưu trữ: Trung tâm Học liệu Trường Đại học Cần Thơ
LEADER 00561nam a2200181Ia 4500
001 CTU_41223
008 210402s9999 xx 000 0 und d
082 |a 300.72 
082 |b N974 
245 0 |a Nurtured by knowledge: Learning to do participatory ation-research 
245 0 |c Edited by Susan E. Smith 
260 |a Ottawa, Canada 
260 |b IDRC 
260 |c 1997 
650 |a action research,social participation,social problems 
650 |x case studies,research 
904 |i Minh, 010516 
980 |a Trung tâm Học liệu Trường Đại học Cần Thơ